00809nam a2200241 4500001000700000003000900007005001700016007000700033008002900040020001500069040002200084082002600106100002900132245012600161260004000287300003100327490001900358500000600377534007800383650002900461650003300490700004400523191828DO-SdBNP20241014122627.0191828870818s1986 sp a spa  a8476347510 aBPMSUbspacBPMSU 4a843.8bV531J 19862221 aVerne, Julio,d1828-190510aJulio Verne : bLos hijos del capitán Grant en América del Sur /cJulio Verne ; traducción, D.A. Ribot y Fontseré aBarcelona : bEdiciones Orbisc1986 a255 p. : bil. ; c21 cm. 0 aJulio Vernev3 a  pTítulo original : tLes enfants du capitaine Grant, a l Amerique du Sud 4aNovela juvenil francesa  4aLiteratura juvenil francesa 1 aRibot y Fontseré, D. A. 4traductor